Loading...
| Current Events | 2 | 20.00 | 100% | 100% | 0% |
| Fine Arts - Classical Music | 8 | 18.75 | 100% | 88% | 0% |
| Fine Arts - Other | 6 | 20.00 | 100% | 100% | 0% |
| Fine Arts - Painting and Sculpture | 8 | 21.25 | 100% | 75% | 38% |
| Geography | 2 | 20.00 | 100% | 50% | 50% |
| History - American | 8 | 21.25 | 100% | 88% | 25% |
| History - European | 8 | 26.25 | 100% | 88% | 75% |
| History - Other | 8 | 20.00 | 100% | 75% | 25% |
| History - World | 4 | 25.00 | 100% | 100% | 50% |
| Literature - American | 6 | 26.67 | 100% | 100% | 67% |
| Literature - British | 4 | 20.00 | 100% | 75% | 25% |
| Literature - European | 8 | 18.75 | 100% | 88% | 0% |
| Literature - World | 4 | 25.00 | 100% | 100% | 50% |
| Mythology | 8 | 17.50 | 88% | 75% | 13% |
| Other Academic | 2 | 20.00 | 100% | 50% | 50% |
| Philosophy | 7 | 20.00 | 100% | 86% | 14% |
| Pop Culture | 1 | 30.00 | 100% | 100% | 100% |
| Religion | 5 | 18.00 | 100% | 80% | 0% |
| Science - Biology | 4 | 22.50 | 100% | 75% | 50% |
| Science - Chemistry | 5 | 16.00 | 100% | 20% | 40% |
| Science - Other | 7 | 12.86 | 100% | 29% | 0% |
| Science - Physics | 7 | 17.14 | 100% | 71% | 0% |
| Social Science | 9 | 16.67 | 100% | 67% | 0% |